000 00474nam a22001695i 4500
001 47968
003 ES-MaACL
005 20230906161654.0
007 t|
008 950206s1896 fr ||||1| fre d
040 _aCAM
_bspa
_cCCPB | PA2
100 1 _aCouturier, Henri.
_941336
245 1 0 _aDes sections de commune, leur personalité juridique /
_cpar Henri Couturier.
260 _aParis :
_bLaval,
_c1896.
300 _a219 p. ;
_c24 cm.
852 _aES-MaACL
_jF-10472
999 _c47968
_d47968